| 000 | 00596nam a2200193 u 4500 | ||
|---|---|---|---|
| 005 | 20220526063416.0 | ||
| 008 | 111011m20022007mx r 000 0 spa d | ||
| 020 | _a9789681667221 | ||
| 035 | _aUPN01000182143 | ||
| 049 | _aI | ||
| 050 | 4 |
_aPQ2635 I9.2 _bM6.9 |
|
| 100 | 1 |
_aRivais, Yak, _d1939- _931823 |
|
| 245 | 1 | 0 |
_aMouche y la hechicera / _cYak Rivais ; il. Rodrigo Ponce ; tr. Diana Luz Sánchez. |
| 260 |
_aMéxico : _bFCE, _c2002 (2007 impr.). |
||
| 300 |
_a68 p. : _bil. |
||
| 440 | 0 |
_aA la orilla del viento ; _v162 |
|
| 650 | 0 |
_aCuentos infantiles franceses _98588 |
|
| 905 | _aInfantil | ||
| 999 |
_c154246 _d154246 |
||